Normal view
MARC view
- Lehr, Jay H.,
Entry Personal Name
001 - CONTROL NUMBER
- control field: 6484
003 - CONTROL NUMBER IDENTIFIER
- control field: NUST
005 - DATE AND TIME OF LATEST TRANSACTION
- control field: 20171117103536.0
008 - FIXED-LENGTH DATA ELEMENTS
- fixed length control field: 171117|| aca||aabn | a|a d
040 ## - CATALOGING SOURCE
- Original cataloging agency: NUST
- Transcribing agency: NUST
100 ## - HEADING--PERSONAL NAME
- Personal name: Lehr, Jay H.,
- Dates associated with a name: 1936-
670 ## - SOURCE DATA FOUND
- Source citation: Work cat.: (NUST)0: Lehr, Jay H., 1936-, Wiley's remediation technologies handbook :, c2004.
